[Event "London Classic op 11th"]
[Site "London"]
[Date "2019.12.06"]
[Round "9"]
[White "Volovich, Julia"]
[Black "Rahman, Yad"]
[Result "1-0"]
[WhiteElo "1753"]
[BlackElo "1303"]
[PlyCount "69"]
[EventDate "2019.11.29"]
[EventType "swiss"]
[EventRounds "9"]
[EventCountry "ENG"]
[SourceTitle "CBM 193 Extra"]
[Source "ChessBase"]
[SourceDate "2020.01.31"]
[SourceVersion "1"]
[SourceVersionDate "2020.01.31"]
[SourceQuality "1"]

1. d4 e6 2. c4 d5 3. Nc3 Nf6 4. Bg5 Be7 5. e3 h6 6. Bh4 0-0 7. Rc1 b6 8. cxd5 exd5 9. Nf3 Bb7 10. Be2 Nbd7 11. 0-0 Ne4 12. Bxe7 Qxe7 13. Nd2 Ndf6 14. Bb5 Nxd2 15. Qxd2 Ne4 16. Nxe4 dxe4 17. Bc6 Bxc6 18. Rxc6 Rac8 19. Rfc1 Rfd8 20. Qc2 Rd7 21. Qa4 a5 22. Rxb6 cxb6 23. Rxc8+ Kh7 24. Qc6 Rd6 25. Qc2 Rg6 26. Rc6 Qb4 27. h3 Qe1+ 28. Kh2 Rxc6 29. Qxc6 Qxf2 30. Qxe4+ f5 31. Qe5 a4 32. d5 Qc2 33. d6 Qc8 34. Qe7 Qb8 35. Qc7 1-0

[Event "London Chess Classic op 10th"]
[Site "London"]
[Date "2018.12.11"]
[Round "3"]
[White "Ganev, Gantcho"]
[Black "Rahman, Yad"]
[Result "0-1"]
[WhiteElo "1634"]
[BlackElo "1264"]
[PlyCount "82"]
[EventDate "2018.12.09"]
[EventType "swiss"]
[EventRounds "5"]
[EventCountry "ENG"]
[SourceTitle "EXT 2021"]
[Source "ChessBase"]
[SourceDate "2020.10.23"]
[SourceVersion "1"]
[SourceVersionDate "2020.10.23"]
[SourceQuality "1"]

1. e4 c5 2. Nc3 d6 3. f4 Nc6 4. Nd5 g6 5. c3 e6 6. Ne3 Bh6 7. Qf3 Nge7 8. g4 f5 9. exf5 exf5 10. g5 Bg7 11. Bc4 Bd7 12. a3 Qc7 13. Ne2 0-0-0 14. 0-0 h6 15. Rf2 hxg5 16. fxg5 Rh7 17. b4 Rdh8 18. Nd5 Nxd5 19. Bxd5 Be5 20. bxc5 Bxh2+ 21. Kf1 dxc5 22. d4 Bd6 23. Bf4 Bxf4 24. Qxf4 Qxf4 25. Rxf4 cxd4 26. cxd4 Rh5 27. Rc1 Rxg5 28. Bg2 Kd8 29. d5 Ne5 30. Rd4 Rh2 31. Nf4 Bb5+ 32. Ke1 Nd3+ 33. Nxd3 Bxd3 34. Rxd3 Rgxg2 35. Rf3 Rh1+ 36. Rf1 Rgg1 37. Kf2 Rxf1+ 38. Rxf1 Rxf1+ 39. Kxf1 Ke7 40. Ke2 Kd6 41. Kf3 Kxd5 0-1

[Event "London Chess Classic op 10th"]
[Site "London"]
[Date "2018.12.10"]
[Round "2"]
[White "Rahman, Yad"]
[Black "Vaughan, John"]
[Result "1/2-1/2"]
[WhiteElo "1264"]
[BlackElo "1543"]
[PlyCount "62"]
[EventDate "2018.12.09"]
[EventType "swiss"]
[EventRounds "5"]
[EventCountry "ENG"]
[SourceTitle "EXT 2021"]
[Source "ChessBase"]
[SourceDate "2020.10.23"]
[SourceVersion "1"]
[SourceVersionDate "2020.10.23"]
[SourceQuality "1"]

1. d4 d5 2. c4 c6 3. Nc3 Nf6 4. e3 Bf5 5. cxd5 cxd5 6. Qb3 Qd7 7. Bb5 Nc6 8. Nf3 a6 9. Be2 h6 10. 0-0 e6 11. a3 Bd6 12. h3 0-0 13. Bd2 b5 14. Rac1 Rfc8 15. Rfd1 Rab8 16. Na2 Ne4 17. Nb4 Nxd2 18. Nxd2 Nxb4 19. axb4 Qe7 20. Nf3 f6 21. Qa3 Qb7 22. Rxc8+ Rxc8 23. Ra1 Qb6 24. Nh4 Bh7 25. Nf3 Rc6 26. Ne1 Qc7 27. b3 Qe7 28. Bxb5 Bxb4 29. Qa4 Rc3 30. Bxa6 Bd6 31. Bb5 Bg6 1/2-1/2